El arte y la muerte: otros escritos

Tallennettuna:
Bibliografiset tiedot
Päätekijä: Artaud, Antonin (Tekijä)
Aineistotyyppi: Kirja
Kieli:espanja
Julkaistu: Buenos Aires Caja Negra 2005
Sarja:Colección Numancia
Aiheet:
Tagit: Lisää tagi
Ei tageja, Lisää ensimmäinen tagi!

MARC

LEADER 00000cam a2200000 a 4500
001 UCF2523
003 CL-VaPUC
008 120824e20050000AG |||||||||||||||||spa|d
020 |a 9872249202 
082 0 4 |a 843  |b ART  |2 21 
100 0 |a Artaud, Antonin  |e author  |9 438260 
245 1 3 |a El arte y la muerte: otros escritos 
300 |a 124 p 
942 |c BK 
945 |d 20120824 00:00:00  |a dcastane 
260 |a Buenos Aires  |b Caja Negra  |c 2005 
650 0 |a Literatura francesa  |9 266330 
583 |a last modification  |c 20120824 12:41:00  |k Rodrigo Vera 
490 0 |a Colección Numancia 
999 |c 349079  |d 349077